|
|
|
|
| LEADER |
01049nas a2200253 u 4500 |
| 001 |
10029596 |
| 003 |
upatras |
| 005 |
20210117195721.0 |
| 008 |
971029s1998 us q p eng |
| 022 |
|
|
|a 1094-3420
|
| 040 |
|
|
|a GR-PaULI
|c GR-PaULI
|
| 041 |
0 |
|
|a eng
|
| 082 |
0 |
4 |
|a 004.1
|
| 222 |
|
0 |
|a International journal of high performance computing applications
|b [Περιοδικό]
|
| 245 |
1 |
0 |
|a International journal of high performance computing applications
|h [Περιοδικό]
|
| 246 |
1 |
3 |
|a Supercomputer applications and high performance computing. Supercomputer
|
| 260 |
|
|
|a Cambridge, MA
|b MIT Press
|
| 310 |
|
|
|a Τριμηνιαίο
|
| 362 |
0 |
|
|a 12(1998) -
|
| 852 |
|
|
|a GR-PaULI
|b ΠΑΤΡΑ
|b ΒΚΠ
|b Θ
|k ΠΕΡ
|h 004.1
|m 1659
|t 1
|3 12(1998)-
|3 Vol.13:No.4(1999:DEC)-Vol.19:No.3(2005:SEP)
|
| 866 |
|
|
|a 12(1998)-
|a Vol.13:No.4(1999:DEC)-Vol.19:No.3(2005:SEP)
|
| 942 |
|
|
|2 ddc
|s 1
|c JNL
|
| 952 |
|
|
|0 0
|1 0
|4 0
|6 004_100000000000000
|7 0
|9 23151
|a LISP
|b LISP
|c SER
|d 2016-04-24
|i 1659
|l 0
|o 004.1
|r 2016-04-24 00:00:00
|t 1
|w 2016-04-24
|y JNL
|
| 999 |
|
|
|c 14490
|d 14490
|